000 00454nam a22001817a 4500
003 CEME
005 20210628203021.0
008 210128b xxu||||| |||| 00| 0 eng d
020 _a9780415096058
040 _c.
082 _a121 RUS
100 _aRussell, Bertrand
_937020
245 _aOur knowledge of the external world
260 _bROUTLEDGE
_c1996
300 _a251P
650 _aKNOWLEDGE THEORY.LOGICAL ATOMISN
_962882
942 _cBK
_2ddc
999 _c571843
_d571843